Normal view
MARC view
- Archibald, Andy
Entry Personal Name
001 - CONTROL NUMBER
- control field: 16212
003 - CONTROL NUMBER IDENTIFIER
- control field: OSt
005 - DATE AND TIME OF LATEST TRANSACTION
- control field: 20161014141159.0
008 - FIXED-LENGTH DATA ELEMENTS
- fixed length control field: 161014|| aca||aabn | a|a d
040 ## - CATALOGING SOURCE
- Original cataloging agency: OSt
100 ## - HEADING--PERSONAL NAME
- Personal name: Archibald, Andy
